[Event "ODJM A 2016"]
[Site "Willingen GER"]
[Date "2016.05.15"]
[Round "1"]
[White "Quante, Lennart"]
[Black "Fuhrmann, Äke"]
[Result "1-0"]
[Termination "normal"]
[Board "27"]
[WhiteElo "2062"]
[BlackElo "1654"]
[PlyCount "53"]
[WhiteFideId "12979627"]
[BlackFideId "12983853"]
[EventCountry "GER"]
[EventRounds "9"]
[EventType "swiss"]
[EventDate "2016.05.14"]

1. d4 Nf6 2. c4 g6 3. Nc3 Bg7 4. e4 d6 5. Nf3 O-O 6. Be2 e5 7. O-O Nc6 8. d5
Ne7 9. b4 Nh5 10. g3 f5 11. Ng5 Nf6 12. Bf3 h6 13. Ne6 Bxe6 14. dxe6 Rb8 15.
Bg2 Qc8 16. Nd5 Nfxd5 17. cxd5 Qd8 18. b5 c6 19. bxc6 bxc6 20. dxc6 Nxc6 21.
exf5 e4 22. Bxe4 gxf5 23. Bxc6 Bxa1 24. Bxh6 Bg7 25. Bxg7 Kxg7 26. Qd4+ Kg8 27.
Qxa7 1-0

[Event "ODJM A 2016"]
[Site "Willingen GER"]
[Date "2016.05.15"]
[Round "1"]
[White "Marx, Inga"]
[Black "Küppers, Timo"]
[Result "1/2-1/2"]
[Termination "normal"]
[Board "28"]
[WhiteElo "1759"]
[BlackElo "1894"]
[PlyCount "71"]
[WhiteFideId "4654749"]
[BlackFideId "16205820"]
[EventCountry "GER"]
[EventRounds "9"]
[EventType "swiss"]
[EventDate "2016.05.14"]

1. e4 c5 2. Nf3 d6 3. d4 cxd4 4. Nxd4 Nf6 5. Nc3 g6 6. Be2 Bg7 7. Be3 a6 8. a4
b6 9. O-O O-O 10. Bg5 Bb7 11. Bf3 Nbd7 12. Re1 Ne5 13. Nd5 Nxd5 14. exd5 h6 15.
Bh4 g5 16. Bg3 Nxf3+ 17. Nxf3 Bxb2 18. Rb1 Bc3 19. Re3 Rc8 20. h4 f6 21. Qd3
Kg7 22. h5 f5 23. Nd4 Bxd4 24. Qxd4+ Rf6 25. Rbe1 Rc7 26. f4 gxf4 27. Bxf4 Kf7
28. Rg3 Qf8 29. Qxb6 Rd7 30. Qb3 Qc8 31. Rc3 Rc7 32. Ree3 Rxc3 33. Rxc3 Qa8 34.
Rd3 Bc8 35. Kh2 Bd7 36. Qb4 1/2-1/2

[Event "ODJM A 2016"]
[Site "Willingen GER"]
[Date "2016.05.15"]
[Round "1"]
[White "Knudsen, Simon"]
[Black "Lohrmann, Tabea"]
[Result "1-0"]
[Termination "normal"]
[Board "29"]
[WhiteElo "1907"]
[BlackElo "1649"]
[PlyCount "75"]
[WhiteFideId "12985546"]
[BlackFideId "12911941"]
[EventCountry "GER"]
[EventRounds "9"]
[EventType "swiss"]
[EventDate "2016.05.14"]

1. e4 e5 2. Nf3 Nc6 3. Bb5 a6 4. Ba4 Nf6 5. d3 b5 6. Bb3 Bc5 7. O-O O-O 8. Nbd2
Re8 9. a4 Bb7 10. Re1 d5 11. exd5 Nxd5 12. Ne4 Bb6 13. axb5 axb5 14. Rxa8 Bxa8
15. Bg5 Nde7 16. Qd2 Qd7 17. Be3 Bxe3 18. Qxe3 Nf5 19. Qg5 Kf8 20. Nc5 Qc8 21.
Qh5 Nh6 22. Ng5 Qf5 23. Nxh7+ Qxh7 24. Bxf7 Rc8 25. Be6 Re8 26. Bd7 Re7 27. Ra1
g6 28. Rxa8+ Kg7 29. Qh4 Rxd7 30. Nxd7 Nf5 31. Qf6+ Kh6 32. Rh8 Qxh8 33. Qxh8+
Kg5 34. Qf6+ Kg4 35. Qxc6 Nd4 36. Qxg6+ Kf4 37. g3+ Kf3 38. Qh5# 1-0

[Event "ODJM A 2016"]
[Site "Willingen GER"]
[Date "2016.05.15"]
[Round "1"]
[White "Nguyen, Ha Thanh"]
[Black "Hinrichs, Niklas"]
[Result "1-0"]
[Termination "normal"]
[Board "30"]
[WhiteElo "1704"]
[BlackElo "1894"]
[PlyCount "55"]
[WhiteFideId "12942154"]
[BlackFideId "12942499"]
[EventCountry "GER"]
[EventRounds "9"]
[EventType "swiss"]
[EventDate "2016.05.14"]

1. e4 c5 2. Nf3 d6 3. d4 cxd4 4. Nxd4 Nf6 5. Nc3 a6 6. f3 e6 7. Be3 b5 8. g4
Bb7 9. Qd2 Nfd7 10. O-O-O Nc5 11. Bf2 Nbd7 12. Rg1 Nb6 13. f4 Nc4 14. Qe1 Rc8
15. Bd3 Qf6 16. Nce2 e5 17. Bh4 Qg6 18. f5 Qh6+ 19. g5 Qh5 20. Nf4 Qxd1+ 21.
Qxd1 exf4 22. Bf2 Na4 23. Bxc4 Rxc4 24. Re1 Be7 25. h4 h6 26. e5 Kf8 27. exd6
Bxd6 28. Ne6+ 1-0

[Event "ODJM A 2016"]
[Site "Willingen GER"]
[Date "2016.05.15"]
[Round "1"]
[White "Wanner, Lukas"]
[Black "Bilau, Max"]
[Result "1-0"]
[Termination "normal"]
[Board "31"]
[WhiteElo "2004"]
[BlackElo "1645"]
[PlyCount "55"]
[WhiteFideId "12918148"]
[BlackFideId "12974838"]
[EventCountry "GER"]
[EventRounds "9"]
[EventType "swiss"]
[EventDate "2016.05.14"]

1. c4 e6 2. Nf3 c5 3. g3 Nf6 4. Bg2 d5 5. b3 Be7 6. O-O O-O 7. Bb2 Nc6 8. e3
dxc4 9. bxc4 Qb6 10. Qc1 Rd8 11. Rd1 Bd7 12. Nc3 Qc7 13. d3 a6 14. Qc2 Rac8 15.
Qe2 Na7 16. Rac1 b5 17. cxb5 axb5 18. a3 Nd5 19. d4 c4 20. Ne5 Nf6 21. f4 Qb6
22. g4 Bc6 23. g5 Bxg2 24. gxf6 Bxf6 25. Qxg2 Be7 26. Ne4 Ra8 27. Kh1 Nc8 28.
Rg1 1-0

[Event "ODJM A 2016"]
[Site "Willingen GER"]
[Date "2016.05.15"]
[Round "1"]
[White "Wolf, Philipp"]
[Black "Bosselmann, Tom Linus"]
[Result "0-1"]
[Termination "normal"]
[Board "32"]
[WhiteElo "1592"]
[BlackElo "1830"]
[PlyCount "34"]
[WhiteFideId "12958948"]
[BlackFideId "12983845"]
[EventCountry "GER"]
[EventRounds "9"]
[EventType "swiss"]
[EventDate "2016.05.14"]

1. e4 e5 2. Nf3 Nc6 3. d4 exd4 4. Bc4 Nf6 5. O-O Nxe4 6. Re1 d5 7. Bxd5 Qxd5 8.
Nc3 Qc4 9. Nxd4 f5 10. Nxc6 Qxc6 11. f3 Bc5+ 12. Kh1 O-O 13. fxe4 Bf2 14. Re2
fxe4 15. Nxe4 Bg4 16. Bg5 Bxe2 17. Qxe2 Rae8 0-1

[Event "ODJM A 2016"]
[Site "Willingen GER"]
[Date "2016.05.15"]
[Round "1"]
[White "Wachinger, David"]
[Black "Walow, Xenia"]
[Result "1-0"]
[Termination "normal"]
[Board "33"]
[WhiteElo "1944"]
[BlackElo "1575"]
[PlyCount "45"]
[WhiteFideId "24692689"]
[BlackFideId "12971839"]
[EventCountry "GER"]
[EventRounds "9"]
[EventType "swiss"]
[EventDate "2016.05.14"]

1. e4 c5 2. Nf3 d6 3. d4 cxd4 4. Nxd4 Nf6 5. Nc3 a6 6. Bg5 Nbd7 7. Qe2 Qc7 8.
O-O-O b5 9. f4 Bb7 10. Bxf6 Nxf6 11. e5 dxe5 12. fxe5 b4 13. Ncb5 Qc5 14. exf6
gxf6 15. Nf5 Bh6+ 16. Nxh6 axb5 17. Qxb5+ Qxb5 18. Bxb5+ Kf8 19. Bc4 Kg7 20.
Nf5+ Kf8 21. Rd7 Be4 22. Nxe7 Kg7 23. Re1 1-0

[Event "ODJM A 2016"]
[Site "Willingen GER"]
[Date "2016.05.15"]
[Round "1"]
[White "Reck, Jessica"]
[Black "Bösel, Alexander"]
[Result "0-1"]
[Termination "normal"]
[Board "34"]
[WhiteElo "1692"]
[BlackElo "1992"]
[PlyCount "106"]
[WhiteFideId "12917931"]
[BlackFideId "4623185"]
[EventCountry "GER"]
[EventRounds "9"]
[EventType "swiss"]
[EventDate "2016.05.14"]

1. d4 Nf6 2. Nf3 g6 3. c4 c5 4. d5 d6 5. Nc3 Bg7 6. e4 O-O 7. Be2 Na6 8. O-O
Bd7 9. Nd2 Rb8 10. f4 Ne8 11. Nf3 Nac7 12. a4 a6 13. a5 b5 14. axb6 Rxb6 15.
Qc2 Qb8 16. e5 Rb4 17. Rb1 Bg4 18. Bd2 Bxf3 19. Rxf3 dxe5 20. Ne4 f5 21. Bxb4
fxe4 22. Qxe4 Nd6 23. Qe3 e4 24. Bxc5 exf3 25. Qxf3 g5 26. Bxd6 exd6 27. Qh5
Qe8 28. fxg5 Bd4+ 29. Kh1 Qxh5 30. Bxh5 Rf5 31. h4 Rf4 32. g3 Rf2 33. b4 Rc2
34. b5 axb5 35. cxb5 Bb6 36. Re1 Rc5 37. Re7 Rxb5 38. Bf7+ Kf8 39. Rd7 Nxd5 40.
Bxd5 Rxd5 41. Kg2 Kg8 42. Kf3 Rd4 43. Re7 Bc5 44. Re4 Rd3+ 45. Kg2 Bd4 46. Rg4
Be5 47. h5 Kg7 48. Kf2 Rd2+ 49. Ke3 Rh2 50. h6+ Kg6 51. Ke4 Rg2 52. Kf3 Ra2 53.
Re4 Ra3+ 0-1

[Event "ODJM A 2016"]
[Site "Willingen GER"]
[Date "2016.05.15"]
[Round "1"]
[White "Borchert, Louis"]
[Black "Wagner, Swenja"]
[Result "1-0"]
[Termination "normal"]
[Board "35"]
[WhiteElo "1774"]
[BlackElo "1673"]
[PlyCount "115"]
[WhiteFideId "12990680"]
[BlackFideId "12900494"]
[EventCountry "GER"]
[EventRounds "9"]
[EventType "swiss"]
[EventDate "2016.05.14"]

1. e4 e5 2. Nf3 Nc6 3. Bc4 Nf6 4. d3 Bc5 5. c3 d6 6. O-O Bg4 7. Nbd2 O-O 8. Re1
Ne7 9. Nf1 Ng6 10. h3 Be6 11. Bb3 Re8 12. Be3 Bb6 13. Ng3 d5 14. Bxb6 axb6 15.
Qe2 Nf4 16. Qe3 dxe4 17. dxe4 Bxh3 18. gxh3 Nxh3+ 19. Kf1 Ng4 20. Qd2 Qf6 21.
Bd1 Rad8 22. Qc2 Nhxf2 23. Nf5 Qg6 24. N3h4 Qg5 25. Bxg4 Nxg4 26. Re2 g6 27.
Nf3 Qf4 28. N5h4 Ne3+ 29. Rxe3 Qxe3 30. Re1 Qd3+ 31. Qxd3 Rxd3 32. Ke2 Rd6 33.
Rg1 Kf8 34. Ng2 f5 35. Rh1 Kg8 36. exf5 gxf5 37. Ne3 e4 38. Nd4 f4 39. Rg1+ Rg6
40. Rxg6+ hxg6 41. Nd5 Rf8 42. Ne6 f3+ 43. Kf2 Rf7 44. Ng5 c6 45. Nxf7 Kxf7 46.
Nxb6 Ke6 47. Kg3 g5 48. Nc4 Kd5 49. Ne3+ Kc5 50. Kg4 b5 51. Kxg5 f2 52. Kf4 b4
53. cxb4+ Kxb4 54. Kxe4 c5 55. Kf3 f1=Q+ 56. Nxf1 c4 57. Ne3 c3 58. Nd5+ 1-0

[Event "ODJM A 2016"]
[Site "Willingen GER"]
[Date "2016.05.15"]
[Round "1"]
[White "Lehmann, Tim"]
[Black "Dette, Jan"]
[Result "0-1"]
[Termination "normal"]
[Board "36"]
[WhiteElo "1613"]
[BlackElo "2023"]
[PlyCount "68"]
[WhiteFideId "12979171"]
[BlackFideId "12936677"]
[EventCountry "GER"]
[EventRounds "9"]
[EventType "swiss"]
[EventDate "2016.05.14"]

1. d4 f5 2. Nf3 Nf6 3. Bf4 e6 4. e3 b6 5. Be2 Bb7 6. a3 Be7 7. c4 O-O 8. Nc3 d6
9. h3 Ne4 10. Qc2 Nd7 11. Bd3 Nxc3 12. Qxc3 Bf6 13. Be2 Qe7 14. O-O e5 15. dxe5
dxe5 16. Bh2 Bxf3 17. gxf3 Qf7 18. Kh1 Qh5 19. Qd2 Rad8 20. Rg1 Qxh3 21. Rg3
Qh5 22. Rag1 Nc5 23. Qe1 Qf7 24. b4 Nd3 25. Qf1 Qxc4 26. Qg2 Qf7 27. Bxd3 Rxd3
28. Rh3 Rfd8 29. f4 e4 30. Bg3 Rd1 31. Bh4 Rxg1+ 32. Kxg1 Bxh4 33. Rxh4 Qg6 34.
Qxg6 hxg6 0-1

[Event "ODJM A 2016"]
[Site "Willingen GER"]
[Date "2016.05.15"]
[Round "1"]
[White "Stemmler, Fabian"]
[Black "Usczeck, Alina"]
[Result "1-0"]
[Termination "normal"]
[Board "37"]
[WhiteElo "1935"]
[BlackElo "1655"]
[PlyCount "41"]
[WhiteFideId "12964808"]
[BlackFideId "12938114"]
[EventCountry "GER"]
[EventRounds "9"]
[EventType "swiss"]
[EventDate "2016.05.14"]

1. e4 c6 2. d4 d5 3. Nc3 dxe4 4. Nxe4 Nd7 5. Ng5 Ngf6 6. Bd3 e6 7. N1f3 c5 8.
Ne5 Nxe5 9. dxe5 Nd7 10. Nxe6 Qb6 11. Nxf8 Nxf8 12. O-O Be6 13. Qe2 Ng6 14.
Bb5+ Kf8 15. Rd1 Nxe5 16. Qxe5 Qxb5 17. Bh6 Rg8 18. Qd6+ Ke8 19. Bg5 Qd7 20.
Qxc5 Rc8 21. Rxd7 1-0

[Event "ODJM A 2016"]
[Site "Willingen GER"]
[Date "2016.05.15"]
[Round "1"]
[White "Pahl, Theis"]
[Black "Niesel, Tobias"]
[Result "0-1"]
[Termination "normal"]
[Board "38"]
[WhiteElo "1583"]
[BlackElo "1973"]
[PlyCount "78"]
[WhiteFideId "16201264"]
[BlackFideId "12962155"]
[EventCountry "GER"]
[EventRounds "9"]
[EventType "swiss"]
[EventDate "2016.05.14"]

1. e4 c6 2. d4 d5 3. Nd2 dxe4 4. Nxe4 Nf6 5. Nxf6+ gxf6 6. Bf4 Bf5 7. Nf3 Qd5
8. Bd3 Bxd3 9. Qxd3 e6 10. c4 Qd7 11. O-O-O Na6 12. Kb1 O-O-O 13. Qe4 Bd6 14.
Bg3 Bxg3 15. hxg3 Nc7 16. Rxh7 Rxh7 17. Qxh7 e5 18. Qh3 e4 19. Nh4 Ne6 20. Nf5
Kb8 21. Qh6 Nc5 22. Qxf6 Nd3 23. Rf1 c5 24. d5 b5 25. f3 exf3 26. Rxf3 bxc4 27.
Ne7 Re8 28. d6 Qa4 29. Rf1 Nb4 30. a3 Nd3 31. Qxf7 c3 32. bxc3 c4 33. Rf2 Qb3+
34. Ka1 Qxa3+ 35. Kb1 Qb3+ 36. Ka1 Qxc3+ 37. Ka2 Qb3+ 38. Ka1 Qa3+ 39. Kb1 Qc1+
0-1

[Event "ODJM A 2016"]
[Site "Willingen GER"]
[Date "2016.05.15"]
[Round "1"]
[White "Cejda, Moritz"]
[Black "Heldt, Nils-Lennart"]
[Result "0-1"]
[Termination "normal"]
[Board "40"]
[WhiteElo "1655"]
[BlackElo "1994"]
[PlyCount "44"]
[WhiteFideId "12925152"]
[BlackFideId "12952109"]
[EventCountry "GER"]
[EventRounds "9"]
[EventType "swiss"]
[EventDate "2016.05.14"]

1. e4 e5 2. Nf3 Nc6 3. Bc4 Bc5 4. b4 Bxb4 5. c3 Be7 6. d4 exd4 7. Qb3 Na5 8.
Bxf7+ Kf8 9. Qd5 c6 10. Qf5 Nf6 11. e5 Kxf7 12. exf6 Bxf6 13. Ng5+ Kg8 14. O-O
g6 15. Qg4 dxc3 16. Re1 Kg7 17. h4 Re8 18. Rxe8 Qxe8 19. h5 Qe1+ 20. Kh2 Qxc1
21. Nxh7 Be5+ 22. g3 Qh6 0-1

[Event "ODJM A 2016"]
[Site "Willingen GER"]
[Date "2016.05.15"]
[Round "1"]
[White "Lüßmann, Thomas"]
[Black "Gallasch, Robin"]
[Result "1-0"]
[Termination "normal"]
[Board "41"]
[WhiteElo "1915"]
[BlackElo "1604"]
[PlyCount "51"]
[WhiteFideId "1270602"]
[BlackFideId "16222423"]
[EventCountry "GER"]
[EventRounds "9"]
[EventType "swiss"]
[EventDate "2016.05.14"]

1. d4 Nf6 2. c4 c5 3. e3 cxd4 4. exd4 d5 5. Nc3 g6 6. Bg5 Nbd7 7. Nf3 Bg7 8.
cxd5 Nb6 9. Bb5+ Bd7 10. d6 exd6 11. Qe2+ Qe7 12. Bxd7+ Kxd7 13. Be3 a6 14. O-O
Rhe8 15. Qd1 d5 16. Qb3 Qe6 17. Ng5 Qc6 18. Rac1 Nc4 19. Nxd5 b5 20. Nb4 Qc7
21. Nd3 Nd5 22. Nxf7 Ndxe3 23. fxe3 Rxe3 24. Nde5+ Bxe5 25. Nxe5+ Ke6 26. Qxe3
1-0

[Event "ODJM A 2016"]
[Site "Willingen GER"]
[Date "2016.05.15"]
[Round "1"]
[White "Paskalev, Vasil"]
[Black "Garbuz, Vitaliy"]
[Result "0-1"]
[Termination "normal"]
[Board "42"]
[WhiteElo "1591"]
[BlackElo "1917"]
[PlyCount "74"]
[WhiteFideId "16212355"]
[BlackFideId "12990710"]
[EventCountry "GER"]
[EventRounds "9"]
[EventType "swiss"]
[EventDate "2016.05.14"]

1. e4 e5 2. Nf3 Nc6 3. d4 exd4 4. Bc4 Nf6 5. O-O Nxe4 6. Re1 d5 7. Bxd5 Qxd5 8.
Nc3 Qa5 9. Nxe4 Be6 10. Neg5 O-O-O 11. Nxe6 fxe6 12. Rxe6 Bd6 13. Bg5 Rde8 14.
Qe2 Kd7 15. Re1 Qxe1+ 16. Nxe1 Rxe6 17. Qg4 Rhe8 18. Nd3 Ne5 19. Nxe5+ Bxe5 20.
f4 Bf6 21. Bxf6 gxf6 22. f5 Rd6 23. Qh4 Re2 24. Qxh7+ Kc6 25. Qh4 Kb6 26. Qg3
Re3 27. Qf2 c5 28. Qd2 Re7 29. b4 c4 30. c3 d3 31. Qf2+ Kc6 32. Qc5+ Kd7 33.
Qb5+ Kd8 34. Qc5 Red7 35. Qxc4 d2 36. Qg8+ Kc7 37. Qc4+ Kb8 0-1

[Event "ODJM A 2016"]
[Site "Willingen GER"]
[Date "2016.05.15"]
[Round "1"]
[White "Fistoul, Boris"]
[Black "Riegel, Arinna"]
[Result "1-0"]
[Termination "normal"]
[Board "43"]
[WhiteElo "1876"]
[BlackElo "1695"]
[PlyCount "105"]
[WhiteFideId "12953962"]
[BlackFideId "12931446"]
[EventCountry "GER"]
[EventRounds "9"]
[EventType "swiss"]
[EventDate "2016.05.14"]

1. d4 d5 2. c4 e6 3. Nc3 Nf6 4. Bg5 Be7 5. cxd5 exd5 6. Qc2 c6 7. e3 O-O 8. Bd3
Nbd7 9. Nge2 Re8 10. O-O Nf8 11. f3 h6 12. Bh4 Nh5 13. Bxe7 Rxe7 14. e4 dxe4
15. fxe4 Ne6 16. d5 Nc5 17. Rad1 Nxd3 18. Rxd3 Rd7 19. Rfd1 cxd5 20. Nxd5 Kf8
21. e5 b6 22. Nec3 Bb7 23. Nf6 Nxf6 24. exf6 Rxd3 25. fxg7+ Kxg7 26. Rxd3 Qe7
27. Qd2 Re8 28. Rg3+ Kh7 29. Qd3+ Kh8 30. Qd4+ Qe5 31. Qxe5+ Rxe5 32. Rd3 Bc6
33. b4 Kg7 34. a4 a5 35. b5 Ba8 36. Rd8 Be4 37. Rd6 Bc2 38. Rxb6 Rc5 39. Rc6
Rxc6 40. bxc6 Bf5 41. Nd5 Be4 42. c7 Bf5 43. Ne7 Bd7 44. c8=Q Bxc8 45. Nxc8 Kf6
46. Nb6 Ke6 47. Nc4 Kd5 48. Nxa5 Kc5 49. Nb7+ Kb4 50. a5 Kb5 51. Nd6+ Kxa5 52.
Nxf7 h5 53. Kf2 1-0

[Event "ODJM A 2016"]
[Site "Willingen GER"]
[Date "2016.05.15"]
[Round "1"]
[White "Rupp, Andreas"]
[Black "Acikel, Mert"]
[Result "0-1"]
[Termination "normal"]
[Board "44"]
[WhiteElo "1562"]
[BlackElo "1883"]
[PlyCount "138"]
[WhiteFideId "16225503"]
[BlackFideId "12956465"]
[EventCountry "GER"]
[EventRounds "9"]
[EventType "swiss"]
[EventDate "2016.05.14"]

1. e4 e5 2. Nf3 Nc6 3. Nc3 Nf6 4. a3 Be7 5. d4 exd4 6. Nxd4 O-O 7. Nxc6 dxc6 8.
Qxd8 Rxd8 9. Bd2 Bc5 10. Bd3 Ng4 11. Nd1 Ne5 12. Be2 Be6 13. Ne3 Rd4 14. f3 Rd7
15. f4 Rad8 16. Rd1 Bxe3 17. Bxe3 Rxd1+ 18. Bxd1 Nc4 19. Bc1 Rd4 20. Bf3 Nd6
21. e5 Nf5 22. c3 Rd8 23. Kf2 Bb3 24. Re1 Ne7 25. Re2 Bd1 26. Rd2 Rxd2+ 27.
Bxd2 Bxf3 28. Kxf3 Kf8 29. g4 Ke8 30. c4 c5 31. h4 Nc6 32. Bc3 Nd4+ 33. Ke3 Nc6
34. Ke4 Kd7 35. f5 g6 36. fxg6 fxg6 37. Kd5 Ne7+ 38. Kxc5 Ke6 39. Kd4 Ng8 40.
Ke4 Nh6 41. Kf4 Nf7 42. b4 h6 43. Bb2 Nd8 44. Bc3 Nc6 45. Ke4 Nb8 46. Bd2 Nd7
47. Bc3 Nb6 48. Kd4 h5 49. gxh5 gxh5 50. c5 Nd5 51. Bd2 Ne7 52. Bg5 Nc6+ 53.
Ke4 Nxe5 54. Bf4 Ng6 55. Bg5 c6 56. Bd8 a6 57. a4 Ne5 58. Bg5 Nc4 59. a5 Na3
60. Bc1 Nb5 61. Bb2 Nc7 62. Bc3 Nd5 63. Bd2 Nf6+ 64. Kd4 Kf5 65. Bg5 Nd5 66.
Kc4 Nf4 67. Bd8 Kg4 68. Be7 Ng6 69. Bg5 Nxh4 0-1

[Event "ODJM A 2016"]
[Site "Willingen GER"]
[Date "2016.05.15"]
[Round "1"]
[White "Hofmann, Marko"]
[Black "Zeuner, Ole"]
[Result "1-0"]
[Termination "normal"]
[Board "45"]
[WhiteElo "1812"]
[BlackElo "1567"]
[PlyCount "79"]
[WhiteFideId "12935875"]
[BlackFideId "12943576"]
[EventCountry "GER"]
[EventRounds "9"]
[EventType "swiss"]
[EventDate "2016.05.14"]

1. d4 Nf6 2. Nc3 d5 3. e4 Nxe4 4. Nxe4 dxe4 5. Bc4 Bf5 6. c3 e6 7. Qb3 Be7 8.
Qxb7 Nd7 9. f3 exf3 10. Nxf3 O-O 11. O-O c5 12. Kh1 Qc8 13. Qxc8 Raxc8 14. Ba6
Rb8 15. a4 Rfd8 16. Bb5 f6 17. Bf4 Rb7 18. Ba6 Rxb2 19. Bc7 Rf8 20. Rae1 Bd8
21. Bd6 Rf7 22. Nh4 Rb6 23. Bc4 Rxd6 24. Nxf5 exf5 25. dxc5 Rd2 26. Rd1 Rxd1
27. Rxd1 Kf8 28. Bxf7 Ke7 29. c6 Ne5 30. Bd5 Bc7 31. Rb1 Kd6 32. Rb7 a5 33. c4
Nd3 34. Rb3 Nc5 35. Re3 g6 36. Re8 h5 37. Rf8 Nxa4 38. Rxf6+ Ke7 39. Rf7+ Kd6
40. Rd7+ 1-0

[Event "ODJM A 2016"]
[Site "Willingen GER"]
[Date "2016.05.15"]
[Round "1"]
[White "Richter, Robert"]
[Black "Steffens, Oliver"]
[Result "0-1"]
[Termination "normal"]
[Board "46"]
[WhiteElo "1550"]
[BlackElo "1814"]
[PlyCount "60"]
[WhiteFideId "12978744"]
[BlackFideId "12947148"]
[EventCountry "GER"]
[EventRounds "9"]
[EventType "swiss"]
[EventDate "2016.05.14"]

1. e4 c5 2. Nf3 Nc6 3. d4 cxd4 4. Nxd4 Nf6 5. Nc3 e5 6. Ndb5 d6 7. Bg5 a6 8.
Na3 b5 9. Nd5 Be7 10. Bxf6 Bxf6 11. Be2 Bg5 12. O-O O-O 13. c3 Ne7 14. c4 Nxd5
15. cxd5 f5 16. Bf3 Bd7 17. Qd3 Rc8 18. Nc2 Qb6 19. exf5 Bxf5 20. Be4 Bxe4 21.
Qxe4 Rc4 22. Qe2 Qc5 23. Na3 Rd4 24. Rad1 Qxd5 25. Rxd4 Qxd4 26. Rd1 Qc5 27.
Nb1 Rxf2 28. Qxf2 Be3 29. Rf1 Bxf2+ 30. Rxf2 Qc1+ 0-1

[Event "ODJM A 2016"]
[Site "Willingen GER"]
[Date "2016.05.15"]
[Round "1"]
[White "Fromm, Johannes"]
[Black "Buhr, Patrick"]
[Result "1/2-1/2"]
[Termination "normal"]
[Board "48"]
[WhiteElo "1467"]
[BlackElo "1744"]
[PlyCount "45"]
[WhiteFideId "12993204"]
[BlackFideId "16206436"]
[EventCountry "GER"]
[EventRounds "9"]
[EventType "swiss"]
[EventDate "2016.05.14"]

1. Nf3 Nf6 2. g3 c5 3. Bg2 Nc6 4. O-O d5 5. d3 h6 6. Nbd2 e5 7. c4 d4 8. a3 Bd6
9. Qc2 Qe7 10. b3 O-O 11. Bb2 Bd7 12. e3 Rfe8 13. exd4 exd4 14. Rfe1 Qf8 15.
Rxe8 Rxe8 16. Re1 a5 17. Kf1 b6 18. h3 Rxe1+ 19. Nxe1 Qc8 20. g4 Ne5 21. Ne4
Nxe4 22. Bxe4 Bc6 23. Qe2 1/2-1/2

[Event "ODJM A 2016"]
[Site "Willingen GER"]
[Date "2016.05.15"]
[Round "1"]
[White "Grunert, Friedrich"]
[Black "Schmidt, Daniel"]
[Result "0-1"]
[Termination "normal"]
[Board "50"]
[WhiteElo "1694"]
[BlackElo "1861"]
[PlyCount "88"]
[WhiteFideId "12995592"]
[BlackFideId "12957950"]
[EventCountry "GER"]
[EventRounds "9"]
[EventType "swiss"]
[EventDate "2016.05.14"]

1. e4 c5 2. Nf3 d6 3. c3 Nf6 4. Be2 Nc6 5. d4 cxd4 6. cxd4 Nxe4 7. d5 Qa5+ 8.
Nc3 Nb8 9. O-O Nxc3 10. bxc3 g6 11. Qd4 Rg8 12. Re1 Nd7 13. Bd2 Qc5 14. Qh4 h6
15. Bd1 g5 16. Qe4 Nf6 17. Qe2 Nxd5 18. Qd3 Bd7 19. Bb3 Nf6 20. Be3 Qc7 21. Bd4
Bg7 22. Bxf6 Bxf6 23. Qh7 Rf8 24. Qxh6 O-O-O 25. Qh7 Kb8 26. Qd3 Qxc3 27. Qe2
Rc8 28. Rab1 Bf5 29. Bd5 Bxb1 30. Rxb1 b6 31. h3 Qc5 32. Be4 d5 33. Bd3 Qd6 34.
Ba6 Rc7 35. a4 Rc5 36. Qd2 Ka8 37. Nd4 Bxd4 38. Qxd4 e5 39. Qg4 f6 40. Qh5 Qe7
41. Rb5 Rxb5 42. axb5 Kb8 43. Qf3 e4 44. Qf5 Rd8 0-1

[Event "ODJM A 2016"]
[Site "Willingen GER"]
[Date "2016.05.15"]
[Round "1"]
[White "Thumm, Felix"]
[Black "Kast, Larissa"]
[Result "1/2-1/2"]
[Termination "normal"]
[Board "51"]
[WhiteElo "1939"]
[BlackElo "1567"]
[PlyCount "97"]
[WhiteFideId "12902209"]
[BlackFideId "24699055"]
[EventCountry "GER"]
[EventRounds "9"]
[EventType "swiss"]
[EventDate "2016.05.14"]

1. d4 d5 2. Nf3 Nf6 3. e3 e6 4. Bd3 c5 5. b3 Nc6 6. Bb2 cxd4 7. exd4 Nb4 8. Be2
Qc7 9. c4 Be7 10. Nc3 O-O 11. O-O b6 12. Ne5 Bb7 13. Rc1 Qb8 14. a3 Nc6 15.
Nxc6 Bxc6 16. b4 dxc4 17. Bxc4 Qb7 18. f3 Rfd8 19. Ne2 b5 20. Bd3 Rac8 21. Ng3
Bd6 22. Qe2 Qb8 23. Rc2 a6 24. Rfc1 Bb7 25. Rxc8 Rxc8 26. Rxc8+ Bxc8 27. Qc2 h6
28. Kf2 Nd5 29. Nf1 Bb7 30. g3 Nf6 31. Nd2 Qa8 32. Ne4 Be7 33. Qc7 Nd5 34. Qc2
Nf6 35. Qe2 Bc8 36. Nc5 Qc6 37. Be4 Nd5 38. Nd3 Qd6 39. Qc2 Nb6 40. Qc6 Qd8 41.
Nc5 Bxc5 42. dxc5 Qd2+ 43. Kg1 Qe1+ 44. Kg2 Qe2+ 45. Kh3 e5+ 46. g4 Qf1+ 47.
Kg3 Qg1+ 48. Kh3 Qf1+ 49. Kg3 1/2-1/2

[Event "ODJM A 2016"]
[Site "Willingen GER"]
[Date "2016.05.15"]
[Round "1"]
[White "Diegel, Jonas"]
[Black "Grohmann, Alexander"]
[Result "0-1"]
[Termination "normal"]
[Board "52"]
[WhiteElo "1678"]
[BlackElo "1801"]
[PlyCount "78"]
[WhiteFideId "16206061"]
[BlackFideId "12947679"]
[EventCountry "GER"]
[EventRounds "9"]
[EventType "swiss"]
[EventDate "2016.05.14"]

1. f4 d5 2. Nf3 g6 3. e3 Bg7 4. d4 e6 5. Bd3 Ne7 6. c3 Nd7 7. O-O c5 8. Nbd2
O-O 9. Qe2 b6 10. e4 cxd4 11. Nxd4 Nc5 12. N2f3 dxe4 13. Bxe4 Nxe4 14. Qxe4 Ba6
15. Re1 Nd5 16. Bd2 Rc8 17. Rad1 Nf6 18. Qe3 Qc7 19. Ne5 Nd7 20. Nd3 Rcd8 21.
Nf2 Rfe8 22. Nb3 Nf6 23. Qg3 Nh5 24. Qe3 Nf6 25. Qg3 Rd7 26. Ng4 Rd3 27. Nxf6+
Bxf6 28. Be3 Red8 29. Qf3 Bb7 30. Qe2 Rxd1 31. Rxd1 Rxd1+ 32. Qxd1 Qc6 33. Qc2
Qc4 34. a3 Ba6 35. h3 Qf1+ 36. Kh2 e5 37. fxe5 Bxe5+ 38. g3 Bb7 39. Bg1 Qf3 0-1